| 000 | 00740nam a22001937a 4500 | ||
|---|---|---|---|
| 005 | 20251108175152.0 | ||
| 008 | 250721s9999 xx 000 0 ara d | ||
| 082 | 1 | 4 | _aط/922.1/عبد |
| 100 | 1 | _aعبد الهادي، حلمي | |
| 245 | 1 | 0 |
_aاعلام من تاريخنا : _bجعفر بن ابي طالب , العباس بن عبد المطلب , حمزة بن عبد المطلب/عبدالله بن الزبير / سعد بن ابي وقاص / |
| 264 | 1 |
_aعمان : _bدار الفكر، |
|
| 300 | _a40ص. | ||
| 490 | 0 | _aاعلام من تاريخنا | |
| 650 | 1 | 7 | _aالتراجم |
| 650 | 1 | 7 | _aالصحابة و التابعين |
| 653 | _aناشئون صغار (10-14) سنة | ||
| 942 |
_2ddc _cBK |
||
| 999 |
_c127780 _d127780 |
||